NFL Season Receiving Touchdowns Leaders - Statistics

General Stats
  • This quiz has been taken 66 times
  • The average score is 50 of 119
Answer Stats
Year Team Player % Correct
2018 Steelers Antonio Brown
100%
2021 Rams Cooper Kupp
98%
2023 Buccaneers Mike Evans
98%
2023 Dolphins Tyreek Hill
98%
2022 Raiders Davante Adams
96%
2020 Packers Davante Adams
96%
1955 Bears Harlon Hill
96%
1954 Bears Harlon Hill
96%
2008 Lions Calvin Johnson
94%
2005 Colts Calvin Johnson
94%
2017 Texans DeAndre Hopkins
92%
1993 49ers Jerry Rice
92%
1991 49ers Jerry Rice
92%
1990 49ers Jerry Rice
92%
1989 49ers Jerry Rice
92%
1987 49ers Jerry Rice
92%
1986 49ers Jerry Rice
92%
2011 Patriots Rob Gronkowski
90%
2016 Packers Jordy Nelson
88%
2009 Cardinals Larry Fitzgerald
88%
2008 Cardinals Larry Fitzgerald
88%
2009 Patriots Randy Moss
88%
2007 Patriots Randy Moss
88%
2003 Vikings Randy Moss
88%
2000 Vikings Randy Moss
88%
1998 Vikings Randy Moss
88%
2014 Cowboys Dez Bryant
84%
1999 Vikings Cris Carter
82%
1997 Vikings Cris Carter
82%
1995 Vikings Cris Carter
82%
2005 Panthers Steve Smith
80%
2006 Cowboys Terrell Owens
78%
2002 49ers Terrell Owens
78%
2001 49ers Terrell Owens
78%
2013 Saints Jimmy Graham
71%
2015 Jaguars Allen Robinson
63%
2015 Jets Brandon Marshall
63%
2015 Seahawks Doug Baldwin
61%
1967 Giants Homer Jones
59%
2012 Packers James Jones
59%
1994 Packers Sterling Sharpe
59%
1992 Packers Sterling Sharpe
59%
1988 Dolphins Mark Clayton
57%
1984 Dolphins Mark Clayton
57%
2004 Panthers Muhsin Muhammad
57%
1975 Steelers Lynn Swann
53%
2010 Chiefs Dwayne Bowe
49%
2019 Lions Kenny Golladay
49%
1993 Falcons Andre Rison
43%
1983 Cardinals Roy Green
43%
1944 Packers Don Hutson
41%
1943 Packers Don Hutson
41%
1942 Packers Don Hutson
41%
1941 Packers Don Hutson
41%
1940 Packers Don Hutson
41%
1938 Packers Don Hutson
41%
1937 Packers Don Hutson
41%
1936 Packers Don Hutson
41%
1935 Packers Don Hutson
41%
1973 Rams Harold Jackson
35%
1996 Ravens Michael Jackson
35%
2009 49ers Vernon Davis
35%
1976 Raiders Cliff Branch
33%
1974 Raiders Cliff Branch
33%
1977 Dolphins Nat Moore
33%
1979 Patriots Stanley Morgan
33%
1980 Chargers John Jefferson
31%
1978 Chargers John Jefferson
31%
1995 Bengals Carl Pickens
27%
1959 Colts Raymond Berry
27%
1958 Colts Raymond Berry
27%
1966 Cowboys Bob Hayes
24%
1965 Cowboys Bob Hayes
24%
1949 Redskins Hugh Taylor
24%
1982 Chargers Wes Chandler
24%
1971 Dolphins Paul Warfield
22%
1968 Browns Paul Warfield
22%
1951 Rams Elroy Hirsch
20%
1981 Falcons Alfred Jenkins
14%
1972 49ers Gene Washington
14%
1964 Bears Johnny Morris
14%
1981 Broncos Steve Watson
14%
1961 Eagles Tommy McDonald
12%
1958 Eagles Tommy McDonald
12%
1953 49ers Billy Wilson
10%
1970 Bears Dick Gordon
10%
1996 Chargers Tony Martin
10%
1963 Browns Gary Collins
8%
1975 Cardinals Mel Gray
6%
1953 Eagles Pete Pihos
6%
1985 Seahawks Daryl Turner
4%
1962 Cowboys Frank Clarke
4%
1949 Rams Tom Fears
4%
1964 Redskins Bobby Mitchell
2%
1950 Cardinals Bob Shaw
2%
1952 Lions Cloyce Box
2%
1965 49ers Dave Parks
2%
1933 Giants Kink Richards
2%
1933 Dodgers Shipwreck Kelly
2%
1934 Bears Bill Hewitt
0%
1935 Bears Bill Karr
0%
1933 Bears Bill Karr
0%
1946 Cardinals Billy Dewell
0%
1956 Packers Billy Howton
0%
1964 Rams Bucky Pope
0%
1933 Giants Dale Burnett
0%
1933 Lions Ernie Caddel
0%
1945 Giants Frank Liebel
0%
1939 Rams Jim Benton
0%
1957 Colts Jim Mutscheller
0%
1933 Packers Johnny McNally
0%
1949 Bears Ken Kavanaugh
0%
1947 Bears Ken Kavanaugh
0%
1969 Cowboys Lance Rentzel
0%
1933 Bears Luke Johnsos
0%
1948 Cardinals Malcolm Kutner
0%
1932 Giants Ray Flaherty
0%
1960 Cardinals Sonny Randle
0%
1963 Lions Terry Barr
0%
No matching quizzes found
Score Distribution
Percent of People with Each Score
Percentile by Number Answered
Your Score History
You have not taken this quiz